01000nam a2200193 a 4500008004100000050002400041100001800065245013600083260006000219300002600279490004000305490001800345500001700363650007100380650007100451995014500522999001700667952012200684121022s1995 ||||||||||||||||| || u aPAPERS/STAFF/SIZIYA aSiziya, Seter10aPredictive factors for medical students and housemen to work in rural health institutions in Zimbabwecby Seter Siziya and G. Woelk aLusaka:bUniversity of Zambia, School of Medicinec1995 ap. 252 - p. 254: ill. aCentral African Journal of Medicine vVol.41. No. 8 aBibliography aMEDICAL STUDENTS--TRAINING OF--RURAL HEALTH INSTITUTIONS, ZIMBABWE aMEDICAL HOUSEMEN--TRAINING OF--RURAL HEALTH INSTITUTIONS, ZIMBABWE aSPECIAL COLLECTIONSe277FCBU-SCHOOL OF MEDICINE LIBRARY (Ndola)jPAPERS/STAFF/SIZIYAM1UAVAILABLEWNov 23, 2012yB277ZZambiana Collection c32452d32452 00102lcc4070a002b002cZambiana Collectiond2022-11-30l0oPAPERS/STAFF/SIZIYApB277r2022-11-30w2022-11-30y002